| 000 | 00592nam a2200169 a 4500 | ||
|---|---|---|---|
| 005 | 20220608065424.0 | ||
| 008 | 991125s1894 mx 000 0 spa u | ||
| 035 | _aUPN01000006894 | ||
| 049 | _aLT | ||
| 050 | 4 |
_aLB1582 M6.1 _bG3.2 |
|
| 100 | 1 |
_aGarcía Cubas, Antonio, _d1832-1912 _930210 |
|
| 245 | 1 | 0 |
_aCartilla de historia de México : _bprimer año : para uso de los establecimientos de instrucción primaria / _cpor Antonio García Cubas. |
| 260 |
_aMéxico : _bMurguía, _c1894. |
||
| 300 | _a70 p. | ||
| 651 | 4 |
_aMéxico _xHistoria _xEstudio y enseñanza (Elemental) _95376 |
|
| 905 | _aLibro | ||
| 999 |
_c6894 _d6894 |
||